000 006500000a22001930004500
090 _aAR
_b01337
245 1 0 _aBlue-throated Macaw Ara glaucogularis: characterization of its distinctive habitats in savannas of the Beni, Bolivia
650 1 4 _aEndemismo
_948559
650 1 4 _aAves
_992429
650 1 4 _aDistribución geográfica
_992997
650 1 4 _aSabanas
_933142
651 4 _lLlanos de Mojos
_mBeni
_pBolivia
_992749
653 _fPsittacidae
_gAra
_eAra glaucogularis
041 0 _aInglés
700 1 _aMachado de Barros, Yuri
_994630
100 1 _aYamashita, Carlos
_992910
942 _cARTICULO
773 1 _tArarajuba
_3614
_h2
_q141-150
_d1997
_g5
999 _c10422
_d10422